Assessment of Adoption of e-Government by Government Employees of Pakistan in Perspective of Diffusion of Innovation ( DOI) / (Record no. 524764)

000 -LEADER
fixed length control field 00559nam a22001697a 4500
003 - CONTROL NUMBER IDENTIFIER
control field NUST
038 ## - RECORD CONTENT LICENSOR
Staff Name Mr. Zahoor
082 ## - DEWEY DECIMAL CLASSIFICATION NUMBER
Classification number 200
100 ## - MAIN ENTRY--PERSONAL NAME
Personal name Jawad Riaz
9 (RLIN) 15557
245 ## - TITLE STATEMENT
Title Assessment of Adoption of e-Government by Government Employees of Pakistan in Perspective of Diffusion of Innovation ( DOI) /
Statement of responsibility, etc. Jawad Riaz
260 ## - PUBLICATION, DISTRIBUTION, ETC.
Place of publication, distribution, etc. Islamabad :
Name of publisher, distributor, etc. CEME - NUST,
Date of publication, distribution, etc. 2016.
300 ## - PHYSICAL DESCRIPTION
Extent xiv, 97 p. : ill. ;
Dimensions 30 cm.
500 ## - GENERAL NOTE
General note Hardcover.
600 ## - SUBJECT ADDED ENTRY--PERSONAL NAME
General subdivision Engineering Management - MS Thesis
9 (RLIN) 15693
700 ## - ADDED ENTRY--PERSONAL NAME
Relator code Supervisor: Dr. Muhammad Tahir
942 ## - ADDED ENTRY ELEMENTS (KOHA)
Source of classification or shelving scheme
Koha item type Thesis
Holdings
Withdrawn status Lost status Source of classification or shelving scheme Damaged status Not for loan Permanent Location Current Location Shelving location Date acquired Total Checkouts Full call number Barcode Date last seen Price effective from Koha item type
          Central Library (CL) Central Library (CL) Thesis 06/25/2019   620.005 CL-T-90 06/25/2019 06/25/2019 Thesis
© 2023 Central Library, National University of Sciences and Technology. All Rights Reserved.